[Event "Gujarat op 2nd"]
[Site "Ahmedabad"]
[Date "2019.09.23"]
[Round "3"]
[White "Gokhale, Anupama"]
[Black "Sidhant, Mohapatra"]
[Result "0-1"]
[WhiteElo "1984"]
[BlackElo "2357"]
[PlyCount "96"]
[EventDate "2019.09.22"]
[EventType "swiss"]
[EventRounds "10"]
[EventCountry "IND"]
[SourceTitle "EXT 2020"]
[Source "ChessBase"]
[SourceDate "2019.10.17"]
[SourceVersion "1"]
[SourceVersionDate "2019.10.17"]
[SourceQuality "1"]

1. d4 Nf6 2. c4 e6 3. g3 d5 4. Nf3 Bb4+ 5. Nbd2 0-0 6. Bg2 b6 7. 0-0 Bb7 8. b3 Nbd7 9. Bb2 Rc8 10. cxd5 exd5 11. Ne5 Re8 12. Ndf3 Bd6 13. Bh3 Ra8 14. Rc1 c5 15. Qc2 h6 16. Rfd1 Rc8 17. Qf5 Rc7 18. Qb1 Nf8 19. e3 c4 20. Bg2 b5 21. bxc4 bxc4 22. Bc3 Qa8 23. Bb4 Bxb4 24. Qxb4 Re6 25. Nd2 Rb6 26. Qc3 Ne6 27. h4 Qe8 28. Qc2 c3 29. Nb3 a5 30. Nd3 Ne4 31. Nxa5 Ba6 32. Nb3 Bc4 33. Bxe4 dxe4 34. Ndc5 Bxb3 35. axb3 Nxc5 36. dxc5 Rxc5 37. Rd4 Qb8 38. Rc4 Rxc4 39. bxc4 Rb3 40. Qxe4 Qf8 41. Qc2 Ra3 42. Rd1 Qa8 43. Qc1 Qa4 44. Kg2 c2 45. Rd2 Rc3 46. Rd4 Rxc4 47. Rxc4 Qxc4 48. Kf3 Qd3 0-1

[Event "Sharjah Masters 3rd"]
[Site "Sharjah"]
[Date "2019.03.27"]
[Round "6"]
[White "Saurabh, Anand"]
[Black "Gokhale, Anupama"]
[Result "1-0"]
[WhiteElo "2385"]
[BlackElo "1994"]
[PlyCount "67"]
[EventDate "2019.03.22"]
[EventType "swiss"]
[EventRounds "9"]
[EventCountry "UAE"]
[SourceTitle "CBM 189 Extra"]
[Source "ChessBase"]
[SourceDate "2019.06.03"]
[SourceVersion "1"]
[SourceVersionDate "2019.06.03"]
[SourceQuality "1"]

1. e4 c6 2. d4 d5 3. e5 Bf5 4. h4 h5 5. c4 e6 6. Nc3 Ne7 7. Bg5 Nd7 8. cxd5 exd5 9. Nge2 Qb6 10. Qd2 Be6 11. Ng3 Nf5 12. Nxf5 Bxf5 13. Bd3 Bxd3 14. Qxd3 Bb4 15. 0-0 Nf8 16. Ne2 Ne6 17. a3 Bf8 18. f4 Qc7 19. b4 b5 20. Rac1 a5 21. f5 Nxg5 22. hxg5 axb4 23. axb4 Bxb4 24. Nf4 Qb6 25. f6 gxf6 26. e6 0-0-0 27. exf7 fxg5 28. Ne6 Kb7 29. Nxd8+ Rxd8 30. Rf6 Rc8 31. Kh1 Bf8 32. Re6 b4 33. Re8 Qc7 34. Ra1 1-0

[Event "Krakow op-A 29th"]
[Site "Krakow"]
[Date "2019.01.04"]
[Round "9"]
[White "Rosol, Alexander"]
[Black "Gokhale, Anupama"]
[Result "0-1"]
[WhiteElo "1972"]
[BlackElo "2009"]
[PlyCount "68"]
[EventDate "2018.12.27"]
[EventType "swiss"]
[EventRounds "9"]
[EventCountry "POL"]
[SourceTitle "CBM 189 Extra"]
[Source "ChessBase"]
[SourceDate "2019.06.03"]
[SourceVersion "1"]
[SourceVersionDate "2019.06.03"]
[SourceQuality "1"]

1. e4 c6 2. d3 d5 3. Nd2 e5 4. Ngf3 Bd6 5. Be2 Nf6 6. 0-0 0-0 7. Re1 Nbd7 8. c3 Re8 9. Qc2 Nf8 10. Nf1 Ng6 11. Ne3 Nf4 12. Bf1 h6 13. h3 Nh7 14. Kh2 Qf6 15. Ng4 Bxg4 16. hxg4 dxe4 17. dxe4 Qg6 18. Bxf4 exf4 19. Bd3 Be5 20. Nxe5 Rxe5 21. Be2 Nf6 22. f3 h5 23. Qc1 Qg5 24. g3 fxg3+ 25. Kxg3 Qxc1 26. Raxc1 hxg4 27. Rcd1 Rae8 28. Bd3 gxf3 29. Kxf3 g6 30. Bc2 Kg7 31. a4 R8e7 32. b4 Nh7 33. Rg1 Ng5+ 34. Kf4 Nh3+ 0-1

[Event "Krakow op-A 29th"]
[Site "Krakow"]
[Date "2018.12.30"]
[Round "5"]
[White "Flak, Pawel"]
[Black "Gokhale, Anupama"]
[Result "1-0"]
[WhiteElo "2195"]
[BlackElo "2009"]
[PlyCount "89"]
[EventDate "2018.12.27"]
[EventType "swiss"]
[EventRounds "9"]
[EventCountry "POL"]
[SourceTitle "CBM 189 Extra"]
[Source "ChessBase"]
[SourceDate "2019.06.03"]
[SourceVersion "1"]
[SourceVersionDate "2019.06.03"]
[SourceQuality "1"]

1. d4 Nf6 2. c4 e6 3. Nf3 Bb4+ 4. Bd2 c5 5. g3 b6 6. Bg2 Bb7 7. 0-0 0-0 8. Bf4 cxd4 9. Nxd4 Bxg2 10. Kxg2 Nc6 11. Nxc6 dxc6 12. Qa4 Qe7 13. Qxc6 Rac8 14. Qb5 Bd6 15. Bxd6 Qxd6 16. Na3 Rc5 17. Qb3 Qe5 18. Rfe1 Ne4 19. Rad1 f5 20. f3 Nf6 21. e3 g5 22. Qc2 g4 23. f4 Qc7 24. Kg1 a5 25. Rd4 b5 26. Qd3 bxc4 27. Rxc4 Rc8 28. Rec1 Qe7 29. Qd4 Rxc4 30. Nxc4 Nd5 31. b3 a4 32. Rd1 axb3 33. axb3 Rb8 34. Qe5 Ra8 35. e4 fxe4 36. Qxe4 Nc7 37. Re1 Qb4 38. Qe2 h5 39. Qe3 Rb8 40. f5 exf5 41. Qg5+ Kh8 42. Qxh5+ Kg8 43. Qg5+ Kh8 44. Re7 Qc5+ 45. Kf1 1-0

[Event "Krakow op-A 29th"]
[Site "Krakow"]
[Date "2018.12.28"]
[Round "2"]
[White "Krallis, Christos"]
[Black "Gokhale, Anupama"]
[Result "1-0"]
[WhiteElo "2261"]
[BlackElo "2009"]
[PlyCount "91"]
[EventDate "2018.12.27"]
[EventType "swiss"]
[EventRounds "9"]
[EventCountry "POL"]
[SourceTitle "CBM 189 Extra"]
[Source "ChessBase"]
[SourceDate "2019.06.03"]
[SourceVersion "1"]
[SourceVersionDate "2019.06.03"]
[SourceQuality "1"]

1. c4 e5 2. g3 Nf6 3. Bg2 c6 4. Nf3 e4 5. Nd4 d5 6. cxd5 Qxd5 7. Nc2 Qh5 8. Ne3 Bc5 9. Qc2 Na6 10. Nc3 Nb4 11. Qb1 0-0 12. Nxe4 Nxe4 13. Bxe4 Bxe3 14. dxe3 Bh3 15. Bd2 Nd5 16. Bf3 Qe5 17. e4 Nb6 18. Bc3 Qe6 19. g4 Na4 20. Rg1 Nxc3 21. bxc3 Qe5 22. Qd3 Rad8 23. Qe3 h5 24. gxh5 Rfe8 25. Rg3 Be6 26. Kf1 b5 27. Kg1 b4 28. Rc1 bxc3 29. Rxc3 Qd4 30. Qxd4 Rxd4 31. Rxc6 Ra4 32. Rc5 Re7 33. Rgg5 f6 34. Rg3 Kh7 35. Rc6 a5 36. h6 g6 37. h4 Kxh6 38. h5 g5 39. e5 g4 40. exf6 gxf3 41. exf3 Rf7 42. Rxe6 Rf4 43. Re8 R4xf6 44. Rh8+ Rh7 45. Rxh7+ Kxh7 46. Rg5 1-0

[Event "Hradec Kralove op 9th"]
[Site "Hradec Kralove"]
[Date "2018.10.05"]
[Round "7"]
[White "Gokhale, Anupama"]
[Black "Mares, Ilja"]
[Result "1-0"]
[WhiteElo "1964"]
[BlackElo "1803"]
[PlyCount "131"]
[EventDate "2018.09.30"]
[EventType "swiss"]
[EventRounds "9"]
[EventCountry "CZE"]
[SourceTitle "CBM 186 Extra"]
[Source "ChessBase"]
[SourceDate "2018.08.24"]
[SourceVersion "1"]
[SourceVersionDate "2018.08.24"]
[SourceQuality "1"]

1. d4 Nf6 2. c4 e6 3. g3 d5 4. Nf3 Be7 5. Bg2 0-0 6. 0-0 b6 7. Ne5 Bb7 8. Nc3 c6 9. b3 Nbd7 10. cxd5 cxd5 11. Bb2 Rc8 12. Rc1 Ne8 13. Nd3 Ba6 14. Qd2 Bxd3 15. Qxd3 Nd6 16. e3 Nf6 17. Rc2 Qd7 18. Rfc1 Rc7 19. f3 Rfc8 20. Bf1 Nfe8 21. Qd2 b5 22. Bd3 b4 23. Na4 Rxc2 24. Rxc2 Rxc2 25. Qxc2 Qc8 26. Bxh7+ Kf8 27. Qxc8 Nxc8 28. Bd3 Nc7 29. Kf2 Nd6 30. Bc1 Ndb5 31. Bd2 f6 32. h4 e5 33. dxe5 fxe5 34. Ke2 d4 35. exd4 Nxd4+ 36. Kf2 Nd5 37. Bc4 Nf6 38. Be3 g6 39. Nb2 Bc5 40. Nd3 Bd6 41. g4 a5 42. g5 Nd7 43. f4 Nf5 44. fxe5 Nxe5 45. Nxe5 Bxe5 46. Bb6 Nxh4 47. Bxa5 Bd6 48. Bd3 Ke7 49. Bb6 Ke6 50. Be4 Be7 51. Kg3 Nf5+ 52. Kg4 Ke5 53. Bd3 Bd6 54. Bg1 Ne7 55. Bh2+ Ke6 56. Bg1 Kd5 57. Kf3 Be5 58. Bc4+ Kd6 59. Ke4 Bg7 60. Bf7 Bc3 61. Bh2+ Kc6 62. Be8+ Kc5 63. Bg1+ Kd6 64. Bh2+ Ke6 65. Bf4 Bb2 66. Bd2 1-0

[Event "Hradec Kralove op 9th"]
[Site "Hradec Kralove"]
[Date "2018.10.03"]
[Round "5"]
[White "Gokhale, Anupama"]
[Black "Jirasek, Pavel"]
[Result "0-1"]
[WhiteElo "1964"]
[BlackElo "2249"]
[PlyCount "96"]
[EventDate "2018.09.30"]
[EventType "swiss"]
[EventRounds "9"]
[EventCountry "CZE"]
[SourceTitle "CBM 186 Extra"]
[Source "ChessBase"]
[SourceDate "2018.08.24"]
[SourceVersion "1"]
[SourceVersionDate "2018.08.24"]
[SourceQuality "1"]

1. d4 Nf6 2. c4 e6 3. g3 Bb4+ 4. Nd2 d5 5. Qc2 Nc6 6. Ngf3 dxc4 7. Qxc4 Qd5 8. Qxd5 exd5 9. a3 Bxd2+ 10. Bxd2 Bg4 11. Bc3 Ne4 12. Nd2 0-0-0 13. e3 Nxd2 14. Kxd2 Bf3 15. Rg1 Rd6 16. g4 g5 17. Rg3 Be4 18. f3 Bg6 19. Be2 Re8 20. f4 gxf4 21. exf4 Rde6 22. Bf3 Be4 23. f5 Rh6 24. h3 Bxf3 25. Rxf3 Rd6 26. Kd3 Rdd8 27. Rf4 Rg8 28. Rg1 Kd7 29. g5 Rg7 30. f6 Rg6 31. h4 h6 32. Rf2 hxg5 33. h5 Rh6 34. Rxg5 Ke6 35. Bd2 Rdh8 36. Re2+ Kxf6 37. Rxd5 Rxh5 38. Rd7 Rh3+ 39. Kc4 Rd8 40. Rf2+ Ke6 41. Rxd8 Nxd8 42. d5+ Kd7 43. Bg5 Rh7 44. Re2 f5 45. Kd4 b6 46. Bxd8 Kxd8 47. Rf2 Rh5 48. Ke5 Ke7 0-1

[Event "Trebic Highlands op 12th"]
[Site "Trebic"]
[Date "2018.09.29"]
[Round "9"]
[White "Gokhale, Anupama"]
[Black "Chu, Ruotong"]
[Result "0-1"]
[WhiteElo "1964"]
[BlackElo "2199"]
[PlyCount "84"]
[EventDate "2018.09.22"]
[EventType "swiss"]
[EventRounds "9"]
[EventCountry "CZE"]
[SourceTitle "CBM 186 Extra"]
[Source "ChessBase"]
[SourceDate "2018.08.24"]
[SourceVersion "1"]
[SourceVersionDate "2018.08.24"]
[SourceQuality "1"]

1. d4 Nf6 2. c4 g6 3. g3 c6 4. Bg2 d5 5. Nf3 Bg7 6. 0-0 dxc4 7. Na3 b5 8. Ne5 Nd5 9. e4 Nb6 10. f4 Bb7 11. Be3 N8d7 12. b3 Nxe5 13. fxe5 cxb3 14. Qxb3 0-0 15. e6 f6 16. Rad1 Ba6 17. Rf2 Nc4 18. Nxc4 bxc4 19. Qa3 Bc8 20. d5 Bxe6 21. Rfd2 cxd5 22. exd5 Bg4 23. Rc1 Rc8 24. Qb4 a5 25. Qa4 Bd7 26. Qa3 f5 27. Bg5 Bf6 28. Bxf6 Rxf6 29. Kh1 Be8 30. Re2 Bf7 31. Qxe7 Qxe7 32. Rxe7 Rd6 33. Ra7 Rc5 34. Rb1 c3 35. Rb8+ Kg7 36. Rbb7 c2 37. Rxf7+ Kg8 38. Rg7+ Kf8 39. h4 c1Q+ 40. Kh2 Qb2 41. Rxh7 Kg8 42. Rhb7 Qf6 0-1

[Event "Trebic Highlands op 12th"]
[Site "Trebic"]
[Date "2018.09.28"]
[Round "8"]
[White "Gokhale, Anupama"]
[Black "Lampir, Tomas"]
[Result "1-0"]
[WhiteElo "1964"]
[BlackElo "2052"]
[PlyCount "121"]
[EventDate "2018.09.22"]
[EventType "swiss"]
[EventRounds "9"]
[EventCountry "CZE"]
[SourceTitle "CBM 186 Extra"]
[Source "ChessBase"]
[SourceDate "2018.08.24"]
[SourceVersion "1"]
[SourceVersionDate "2018.08.24"]
[SourceQuality "1"]

1. d4 d5 2. c4 c6 3. e3 Nf6 4. Qc2 a6 5. Nf3 b5 6. cxd5 cxd5 7. Bd2 e6 8. Bd3 Bb7 9. a4 b4 10. a5 Nc6 11. 0-0 Bd6 12. Ne5 Nxe5 13. dxe5 Bxe5 14. Bxb4 Rc8 15. Qe2 Rc6 16. Nc3 Bd6 17. Bxd6 Qxd6 18. e4 dxe4 19. Nxe4 Nxe4 20. Bxe4 Rc7 21. Rfd1 Qb4 22. Qd3 Qe7 23. Bxb7 Rxb7 24. Qxa6 0-0 25. Qe2 Rfb8 26. a6 Ra7 27. h3 h6 28. Ra4 Qe8 29. Rad4 Qc6 30. Rd6 Qb5 31. Rd8+ Kh7 32. Qxb5 Rxb5 33. R8d7 Rxa6 34. Rxf7 Rxb2 35. Rdd7 Kg6 36. Rxg7+ Kf5 37. Rdf7+ Ke5 38. Rg6 Ra1+ 39. Kh2 Raa2 40. Rff6 Rxf2 41. Rxe6+ Kd5 42. Re3 Kd4 43. Reg3 h5 44. R6g5 Rf1 45. Rxh5 Raa1 46. Rg4+ Ke3 47. Re5+ Kd3 48. h4 Rh1+ 49. Kg3 Ra3 50. Rf4 Ra2 51. Ref5 Ke3 52. Rb5 Raa1 53. Rb3+ Ke2 54. Rf2+ Ke1 55. Rfb2 Rd1 56. Rb1 Ke2 57. Rxd1 Rxd1 58. Rf3 Rh1 59. Rf5 Ke3 60. Re5+ Kd4 61. Re8 1-0

[Event "Trebic Highlands op 12th"]
[Site "Trebic"]
[Date "2018.09.23"]
[Round "2"]
[White "Gokhale, Anupama"]
[Black "Korinkova, Eva"]
[Result "1-0"]
[WhiteElo "1964"]
[BlackElo "1833"]
[PlyCount "135"]
[EventDate "2018.09.22"]
[EventType "swiss"]
[EventRounds "9"]
[EventCountry "CZE"]
[SourceTitle "CBM 186 Extra"]
[Source "ChessBase"]
[SourceDate "2018.08.24"]
[SourceVersion "1"]
[SourceVersionDate "2018.08.24"]
[SourceQuality "1"]

1. d4 Nf6 2. c4 g6 3. g3 Bg7 4. Bg2 0-0 5. Nc3 d6 6. Nf3 c6 7. 0-0 Nbd7 8. e4 e5 9. h3 Ne8 10. dxe5 dxe5 11. b3 f5 12. Ba3 Rf7 13. Qd2 Qa5 14. Na4 Qxd2 15. Nxd2 f4 16. Nf3 h6 17. Rad1 Rb8 18. Nc3 b6 19. Ne2 g5 20. g4 Bf6 21. Rd2 Rb7 22. Bb2 Re7 23. Ba3 Re6 24. Rfd1 Nf8 25. Bf1 Rh7 26. Nh2 Ng6 27. f3 h5 28. Nc3 Nh4 29. Rd3 Ng7 30. c5 b5 31. Bb2 Be7 32. b4 Kf7 33. R1d2 Reh6 34. Nd1 Ng6 35. Nf2 Be6 36. Bg2 Rh8 37. gxh5 Rxh5 38. Nfg4 Bxa2 39. Rd7 Bc4 40. Rxa7 Ke6 41. Nxe5 Nxe5 42. Bxe5 R5h7 43. Bd6 Bf6 44. Ng4 Ne8 45. Rxh7 Rxh7 46. e5 Be7 47. Bxe7 Rxe7 48. h4 gxh4 49. Bh3 Kf7 50. Rd4 Ra7 51. Rxf4+ Kg6 52. Ne3 Ra1+ 53. Kh2 Ra2+ 54. Bg2 Be6 55. Rxh4 Kg5 56. Re4 Ng7 57. f4+ Kh6 58. Kg3 Nh5+ 59. Kh4 Bd5 60. Rd4 Ng7 61. Bxd5 cxd5 62. Rxd5 Rh2+ 63. Kg4 Rb2 64. Nf5+ Nxf5 65. Kxf5 Rxb4 66. Rd6+ Kg7 67. Rd7+ Kf8 68. Rb7 1-0

[Event "Hanoi HD Bank op-B 8th"]
[Site "Hanoi"]
[Date "2018.03.10"]
[Round "2"]
[White "Dang, Anh Minh"]
[Black "Gokhale, Anupama"]
[Result "1-0"]
[WhiteElo "1725"]
[BlackElo "1964"]
[PlyCount "57"]
[EventDate "2018.03.10"]
[EventType "swiss"]
[EventRounds "9"]
[EventCountry "VIE"]
[SourceTitle "CBM 183 Extra"]
[Source "ChessBase"]
[SourceDate "2018.04.19"]
[SourceVersion "1"]
[SourceVersionDate "2018.04.19"]
[SourceQuality "1"]

1. d4 Nf6 2. c4 g6 3. g3 Bg7 4. Bg2 0-0 5. Nc3 d6 6. Nf3 Nbd7 7. 0-0 e5 8. e4 Re8 9. b3 exd4 10. Nxd4 c6 11. Be3 Nb6 12. h3 Nfd7 13. Qd2 a6 14. Rad1 Qc7 15. Bh6 Bxh6 16. Qxh6 Nf8 17. f4 c5 18. Nf3 f6 19. f5 gxf5 20. Qxf6 Re6 21. Qxf5 Qg7 22. Ne2 Bd7 23. Ng5 Rg6 24. Qf7+ Kh8 25. Qxg7+ Kxg7 26. Nf7 Re8 27. Nxd6 Re7 28. g4 Rg5 29. Nf4 1-0

[Event "Mumbai Mayors Cup 10th"]
[Site "Mumbai"]
[Date "2017.06.04"]
[Round "1"]
[White "Mohammad Fahad, Rahman"]
[Black "Gokhale, Anupama"]
[Result "1-0"]
[WhiteElo "2169"]
[BlackElo "2047"]
[PlyCount "65"]
[EventDate "2017.06.04"]
[EventType "swiss"]
[EventRounds "10"]
[EventCountry "IND"]
[SourceTitle "CBM 178 Extra"]
[Source "ChessBase"]
[SourceDate "2017.06.22"]
[SourceVersion "1"]
[SourceVersionDate "2017.06.22"]
[SourceQuality "1"]

1. c4 g6 2. g3 Bg7 3. Nc3 Nf6 4. Bg2 0-0 5. e4 d6 6. Nge2 c6 7. 0-0 Nbd7 8. d3 Rb8 9. Be3 b6 10. h3 e6 11. f4 Bb7 12. d4 a6 13. g4 c5 14. d5 exd5 15. exd5 b5 16. g5 Ne8 17. f5 gxf5 18. Ng3 b4 19. Nce2 Ne5 20. Qc2 Bc8 21. Nxf5 Ng6 22. Neg3 Be5 23. Nh6+ Kh8 24. Rxf7 Rb7 25. Rxf8+ Nxf8 26. Rf1 Ng6 27. Nh5 Ng7 28. Nf6 Qe7 29. Be4 Bxh3 30. Rf3 Bg2 31. Bxg6 Bxf6 32. gxf6 Qe5 33. f7 1-0

[Event "IND-ch (Women) 32nd"]
[Site "Visakhapatnam"]
[Date "2006.04.16"]
[Round "17"]
[White "Meenakshi, Subbaraman"]
[Black "Gokhale, Anupama"]
[Result "1-0"]
[WhiteElo "2289"]
[BlackElo "2198"]
[PlyCount "133"]
[EventDate "2006.04.03"]
[EventType "tourn"]
[EventRounds "19"]
[EventCountry "IND"]
[SourceTitle "CBM 111 Extra"]
[Source "ChessBase"]
[SourceDate "2006.05.09"]
[SourceVersion "1"]
[SourceVersionDate "2006.05.09"]
[SourceQuality "1"]

1. d4 Nf6 2. c4 g6 3. Nf3 Bg7 4. g3 0-0 5. Bg2 d6 6. Nc3 Nbd7 7. 0-0 e5 8. e4 exd4 9. Nxd4 Re8 10. f3 a6 11. Be3 c5 12. Nc2 Ne5 13. b3 Qa5 14. Bd2 Qd8 15. Bf4 Nh5 16. Bd2 Nf6 17. Ne3 Nc6 18. Rc1 Nd4 19. Ne2 Bd7 20. Bc3 Nxe2+ 21. Qxe2 Bc6 22. Rfd1 Qe7 23. Rd3 Nh5 24. Qb2 Bh6 25. Rcd1 f5 26. Nd5 Bxd5 27. Rxd5 Be3+ 28. Kh1 Qg5 29. Bh3 Qh6 30. Qg2 fxe4 31. Rxd6 Qf8 32. Be6+ Rxe6 33. Rxe6 exf3 34. Qh3 Bd4 35. Bxd4 cxd4 36. Qg4 f2 37. Kg2 Ng7 38. Re5 d3 39. Rf1 Qf6 40. Rd5 Rf8 41. Rxd3 Nf5 42. Qf3 Qg5 43. Qd5+ Kh8 44. Rxf2 Re8 45. Qd7 Re7 46. Qd8+ Kg7 47. Kg1 Qc1+ 48. Rf1 Qg5 49. Rdf3 h5 50. Qd3 Kh6 51. b4 Qg4 52. Qd2+ Kh7 53. Qf4 Qh3 54. g4 Qxg4+ 55. Qxg4 hxg4 56. Rd3 Re4 57. Rd7+ Kh6 58. Rxb7 Rxc4 59. a4 Kg5 60. b5 axb5 61. a5 Ra4 62. Rxb5 Kh4 63. Rd1 Nd4 64. Rd5 Nf3+ 65. Kf2 Ra2+ 66. Ke3 Nxh2 67. Rd8 1-0

[Event "Gibraltar Masters"]
[Site "Gibraltar"]
[Date "2006.01.29"]
[Round "6"]
[White "Gokhale, Anupama"]
[Black "Spraggett, Kevin"]
[Result "0-1"]
[WhiteElo "2198"]
[BlackElo "2581"]
[PlyCount "82"]
[EventDate "2006.01.24"]
[EventType "swiss"]
[EventRounds "10"]
[EventCountry "ENG"]
[SourceTitle "CBM 110 Extra"]
[Source "ChessBase"]
[SourceDate "2006.03.10"]
[SourceVersion "2"]
[SourceVersionDate "2006.03.10"]
[SourceQuality "1"]

1. d4 Nf6 2. c4 e6 3. g3 c5 4. d5 exd5 5. cxd5 d6 6. Nc3 g6 7. Nf3 Bg7 8. Bg2 0-0 9. 0-0 Na6 10. Nd2 Nc7 11. Nc4 Re8 12. Bf4 Bf8 13. e4 b5 14. Na5 b4 15. Nc6 Qd7 16. Bg5 Nh5 17. Na4 Bb7 18. Rc1 Bxc6 19. dxc6 Qe6 20. f4 Nb5 21. f5 Qe5 22. Kh1 Nd4 23. g4 Nf6 24. Bf4 Qe7 25. Re1 Nxc6 26. e5 Nxe5 27. Bxe5 dxe5 28. Bxa8 Rxa8 29. Nxc5 Bh6 30. Rc2 Rd8 31. Qf3 Rc8 32. fxg6 hxg6 33. Rf1 Bg5 34. Ne4 Rxc2 35. Nxg5 Kg7 36. Nxf7 e4 37. Qh3 e3 38. Qh8+ Kxf7 39. Qh7+ Ke6 40. Rxf6+ Qxf6 41. Qg8+ Qf7 0-1

[Event "Gibraltar Masters"]
[Site "Gibraltar"]
[Date "2006.01.26"]
[Round "3"]
[White "Hamer, Martyn"]
[Black "Gokhale, Anupama"]
[Result "0-1"]
[WhiteElo "2000"]
[BlackElo "2198"]
[PlyCount "56"]
[EventDate "2006.01.24"]
[EventType "swiss"]
[EventRounds "10"]
[EventCountry "ENG"]
[SourceTitle "CBM 110 Extra"]
[Source "ChessBase"]
[SourceDate "2006.03.10"]
[SourceVersion "2"]
[SourceVersionDate "2006.03.10"]
[SourceQuality "1"]

1. e4 e5 2. Nf3 Nc6 3. Bb5 a6 4. Ba4 Nf6 5. 0-0 Be7 6. Re1 b5 7. Bb3 d6 8. c3 0-0 9. d4 Bg4 10. Be3 exd4 11. cxd4 d5 12. e5 Ne4 13. h3 Bh5 14. g4 Bg6 15. a3 Na5 16. Nc3 Nxc3 17. bxc3 Nxb3 18. Qxb3 c6 19. Nd2 f5 20. exf6 Bxf6 21. f4 Bh4 22. Bf2 Bxf2+ 23. Kxf2 Qh4+ 24. Kg2 Rxf4 25. Rf1 Raf8 26. Rxf4 Rxf4 27. Rf1 Rxf1 28. Kxf1 Qg3 0-1

[Event "Canadian op"]
[Site "Edmonton"]
[Date "2005.07.15"]
[Round "8"]
[White "Gokhale, Anupama"]
[Black "Mohota, Nisha"]
[Result "1/2-1/2"]
[WhiteElo "2243"]
[BlackElo "2343"]
[PlyCount "52"]
[EventDate "2005.07.09"]
[EventType "swiss"]
[EventRounds "10"]
[EventCountry "CAN"]
[SourceTitle "CBM 107 Extra"]
[Source "ChessBase"]
[SourceDate "2005.09.01"]
[SourceVersion "1"]
[SourceVersionDate "2005.09.01"]
[SourceQuality "1"]

1. d4 d5 2. Nf3 Nf6 3. c4 e6 4. g3 Be7 5. Bg2 0-0 6. 0-0 dxc4 7. Qc2 a6 8. a4 Bd7 9. Qxc4 Bc6 10. Bg5 Bd5 11. Qc2 Be4 12. Qc1 h6 13. Bxf6 Bxf6 14. Nc3 Bxf3 15. Bxf3 c6 16. e3 a5 17. Ne4 Na6 18. Rd1 Be7 19. Qc4 Qb6 20. Rac1 Rad8 21. Kg2 Qc7 22. Qb3 Rd7 23. Nd2 Nb4 24. Nc4 Bf6 25. Nd2 Be7 26. Nc4 Bf6 1/2-1/2

[Event "Canadian op"]
[Site "Edmonton"]
[Date "2005.07.13"]
[Round "6"]
[White "Gokhale, Anupama"]
[Black "Hansen, Eric"]
[Result "1-0"]
[WhiteElo "2243"]
[BlackElo "1910"]
[PlyCount "99"]
[EventDate "2005.07.09"]
[EventType "swiss"]
[EventRounds "10"]
[EventCountry "CAN"]
[SourceTitle "CBM 107 Extra"]
[Source "ChessBase"]
[SourceDate "2005.09.01"]
[SourceVersion "1"]
[SourceVersionDate "2005.09.01"]
[SourceQuality "1"]

1. d4 Nf6 2. c4 g6 3. Nc3 Bg7 4. e4 d6 5. Nf3 0-0 6. Be2 c6 7. 0-0 Nbd7 8. Qc2 Qc7 9. Rd1 e5 10. g3 Ne8 11. Be3 h6 12. c5 dxc5 13. dxc5 f5 14. exf5 gxf5 15. Bc4+ Kh7 16. Nh4 e4 17. Nxe4 Bxb2 18. Nd6 Bxa1 19. Ndxf5 Ne5 20. Bf4 Bxf5 21. Nxf5 Kh8 22. Rxa1 Ng7 23. Nh4 Rf6 24. Ng6+ Rxg6 25. Qxg6 Nxg6 26. Bxc7 Rc8 27. Ba5 Ne5 28. Be2 Re8 29. Rd1 Re7 30. f4 Nd7 31. Bg4 Nf6 32. Bd8 Rf7 33. Bf3 Nd7 34. Bc7 Nxc5 35. Bd6 Nd7 36. h4 Nf5 37. Kf2 Rg7 38. g4 Nxh4 39. Rh1 Rg6 40. Ba3 Nxf3 41. Kxf3 Kh7 42. f5 Rg8 43. Bb2 Rf8 44. Kf4 Nb6 45. g5 Nd5+ 46. Ke5 Re8+ 47. Kd6 Rd8+ 48. Ke6 Kg8 49. Rxh6 Re8+ 50. Kd7 1-0